Organizácia a priebeh riadenia údržbársko-opravárenskej činnosti v závode záverečná práca postgraduálneho štúdia

Gespeichert in:
Bibliographische Detailangaben
1. Verfasser: Augustín, Juraj
Körperschaft: Vysoká škola ekonomická v Bratislave
Weitere Verfasser: Leščišin, Michal
Format: Buch
Sprache:Slowakisch
Veröffentlicht: Bratislava 1988
Tags: Tag hinzufügen
Keine Tags, Fügen Sie das erste Tag hinzu!

MARC

LEADER 00000nam a2200000 4500
001 c029733
005 20230116104808.4
041 0 |a slo 
044 |a SK 
245 1 0 |a Organizácia a priebeh riadenia údržbársko-opravárenskej činnosti v závode  |b záverečná práca postgraduálneho štúdia  |c Juraj Augustín ; Ved. práce Michal Leščišin 
264 1 |a Bratislava  |c 1988 
300 |a 66 s. 
100 1 |a Augustín, Juraj 
700 1 |a Leščišin, Michal 
710 2 |a Vysoká škola ekonomická v Bratislave